[Event "VIE-ch"]
[Site "Bac Giang"]
[Date "2016.06.22"]
[Round "2"]
[White "Dang, Anh Minh"]
[Black "Nguyen, Huynh Quoc Vy"]
[Result "1-0"]
[WhiteElo "1495"]
[BlackElo "1906"]
[PlyCount "79"]
[EventDate "2016.06.22"]
[EventType "swiss"]
[EventRounds "9"]
[EventCountry "VIE"]
[SourceTitle "EXT 2017"]
[Source "ChessBase"]
[SourceDate "2016.10.25"]
[SourceVersion "1"]
[SourceVersionDate "2016.10.25"]
[SourceQuality "1"]

1. e4 e5 2. Nf3 Nc6 3. Bc4 Bc5 4. c3 Nf6 5. d3 0-0 6. 0-0 h6 7. b4 Bb6 8. b5 Na5 9. Nxe5 d6 10. Nxf7 Rxf7 11. Bxf7+ Kxf7 12. Qf3 Kg8 13. Nd2 Bg4 14. Qg3 Bd7 15. Rb1 Qf8 16. Nf3 Kh8 17. Ba3 Bc5 18. Bxc5 dxc5 19. Qxc7 b6 20. e5 Rc8 21. Qxa7 Ra8 22. Qc7 Rc8 23. Qxb6 Nd5 24. Qd6 Qxd6 25. exd6 Nxc3 26. Rb2 Bxb5 27. Rc1 Nxa2 28. Rxa2 Nb3 29. Rb1 Bxd3 30. Rxb3 Bc4 31. Rab2 Bxb3 32. Rxb3 c4 33. Rc3 Rc6 34. Ne5 Rc5 35. Nf7+ Kg8 36. d7 Kxf7 37. d8Q Re5 38. Qc7+ Re7 39. Rf3+ Ke8 40. Qc8# 1-0